| 000 | 00768nam a22002177a 4500 | ||
|---|---|---|---|
| 005 | 20150729153919.0 | ||
| 008 | 140714b xxu||||| |||| 00| 0 Urdu d | ||
| 010 | _aUR-9259 | ||
| 020 | q |
_c300.00 _a9788192338114 |
|
| 035 | _aU-7814 | ||
| 037 | _bDBAD/Pub. | ||
| 040 |
_aDPL _bUrdu |
||
| 082 | _a 840.08 | ||
| 100 | _aمنا ظر عا شق ہر گا نو ی | ||
| 245 |
_aعليم صبا نو يد یہمہ جہت فنکا ر _cمنا ظر عا شق ہر گا نو ی |
||
| 246 |
_aAleem Saba Navedi Hama Jehat Funkar _bManazir Ashique Harganvi |
||
| 260 |
_aChenai _c2014 _bTamil Nadu Urdu Publication |
||
| 270 |
_aBikhan Pur-3,Bhagal Pur _bBihar _e812001 _k09430966156 |
||
| 300 |
_a88ص _c22Cm (Hb) |
||
| 942 |
_2ddc _cUR _e _h840.08 _mم ن ا |
||
| 999 |
_c95342 _d95342 |
||